Los anales de Cayo Cornelio Tácito / (Record no. 165963)

MARC details
000 -LEADER
campo de control de longitud fija 00816nam a22002295i 4500
001 - NÚMERO DE CONTROL
campo de control 165963
003 - IDENTIFICADOR DE NÚMERO DE CONTROL
campo de control ES-MaACL
005 - FECHA Y HORA DE LA ÚLTIMA TRANSACCIÓN
campo de control 20250820150540.0
008 - DATOS DE LONGITUD FIJA--INFORMACIÓN GENERAL
campo de control de longitud fija 940206s1879 sp |||| | spa d
040 ## - FUENTE DE CATALOGACIÓN
Centro catalogador/agencia de origen CAM
Lengua de catalogación spa
100 1# - ENTRADA PRINCIPAL--NOMBRE DE PERSONA
Nombre de persona Tácito, Cayo Cornelio
9 (RLIN) 109052
245 14 - MENCIÓN DEL TÍTULO
Título Los anales de Cayo Cornelio Tácito /
Mención de responsabilidad, etc. traducidos por Carlos Coloma.
260 ## - PUBLICACIÓN, DISTRIBUCIÓN, ETC.
Lugar de publicación, distribución, etc. Madrid :
Nombre del editor, distribuidor, etc. [s.n.],
Fecha de publicación, distribución, etc. 1879 (
Fabricante Imp. central, a cargo de Victor Saiz)
300 ## - DESCRIPCIÓN FÍSICA
Extensión 2 v. ( XIII, 304; 369 p.) ;
Dimensiones 18 cm.
490 1# - MENCIÓN DE SERIE
Mención de serie Biblioteca Clásica ;
Designación de volumen o secuencia 17, 18
700 1# - ENTRADA AGREGADA--NOMBRE PERSONAL
Nombre de persona Coloma, Carlos,
Fechas asociadas al nombre ca. 1567-1637
Término indicativo de función/relación
9 (RLIN) 126547
710 21 - ENTRADA AGREGADA--NOMBRE DE ENTIDAD CORPORATIVA
Nombre de entidad corporativa o nombre de jurisdicción como elemento de entrada Central, Imp.,
Término indicativo de función/relación
9 (RLIN) 134235
752 ## - ENTRADA AGREGADA--NOMBRE JERÁRQUICO DEL LUGAR
País o entidad superior España -
Ciudad , Madrid
830 0# - PUNTO DE ACCESO ADICIONAL DE SERIE-TÍTULO UNIFORME
Título uniforme Biblioteca Clásica ;
Designación de volumen o secuencia 17, 18
9 (RLIN) 180370
852 ## - LOCALIZACIÓN
Ubicación ES-MaACL
Número de control de estantería C-3562-63
Nota libre -- Enc. hol.
Holdings
Estatus retirado Estado de pérdida Estado de daño No para préstamo Colección Biblioteca de origen Biblioteca actual Ubicación en estantería Fecha de adquisición Total de préstamos Signatura topográfica completa Código de barras Visto por última vez Precio de reemplazo Tipo de ítem Koha
        Libros del s. XIX Biblioteca del Ateneo de Madrid Biblioteca del Ateneo de Madrid Sala Palomar 17/01/2008   C-3562-63 1174049 23/02/2023 23/02/2023 Libro impreso antiguo